Marketing, una herramienta para el crecimiento

Bibliographic Details
Main Author: Prettel Vidal, Gustavo
Format: eBook
Language:Spanish
Published: Bogot:̀ Ediciones de la U, 2016
Subjects:
Online Access:Acceso restringido

MARC

LEADER 00000nam a22000007a 4500
005 20181102105046.0
007 cr|||| ||||
008 181102s2016 co |||||s|||| 00||0 spa d
020 |a 978-958-762-469-4 
035 |a 22151 
040 |a vLex 
090 |c 8260  |d 8260 
100 1 |a Prettel Vidal, Gustavo 
245 1 0 |a Marketing, una herramienta para el crecimiento  |h [Recurso electrn̤ico] /  |c Gustavo Prettel Vidal 
256 |a Servicio en ln̕ea 
260 |a Bogot:̀  |b Ediciones de la U,  |c 2016 
300 |a 1 recurso electrn̤ico 
500 |a Este texto, resalta en todos sus apartes la importancia del marketing para las organizaciones de hoy, comoquiera que su funcin̤ est ̀enmarcada dentro del compromiso de lograr crecimiento para las compaą̕s, como resultado de la satisfaccin̤ de las necesidades del mercado, con productos o servicios estructurados para tal fin. Para cumplir con este compromiso, los ejecutivos de marketing deben desarrollar de manera sistemt̀ica un proceso de actividades, que incluye la evaluacin̤ del entorno micro y macro, la evaluacin̤ interna de la empresa, la identificacin̤ del segmento objetivo y su perfil, la definicin̤ de la estrategia para el posicionamiento, la identificacin̤ e implementacin̤ de programas estratǧicos Mezcla de marketing y la evaluacin̤ de resultados, entre otras; aspectos estos que hacen parte de la esencia de este libro. Fundamentos de Marketing, entrega al estudiante las bases para el entendimiento de las diferentes teora̕s del marketing que tratar ̀durante su proceso acadm̌ico, para luego aplicarlas en su ejercicio profesional, a docentes entregarles un texto que fortalezca sus conocimientos y sirva de gua̕ que ayude a su labor acadm̌ica, y a miembros de departamentos de mercadeo de las empresas, ponerlos en capacidad de ser innovadores en la creacin̤ de valores y soluciones a los problemas de los mercados. 
506 1 |a Disponible solo en los productos indicados  |d vLex Global  |d vLex Global (Academic Edition, excluding Law Schools)  |d vLex Global (U.S. Academic Edition, Law Schools)  |d vLex Global (U.S. Academic Edition, excluding Law Schools)  |d vLex Global (Academic Edition, Law Schools) 
650 0 4 |a Economa̕ y negocios  |z Colombia 
650 0 4 |a Marketing  |z Colombia 
740 0 |a vLex Libros (Servicio en ln̕ea) 
856 4 0 |u http://vlex.com/source/marketing-una-herramienta-para-el-crecimiento-22151  |z Acceso restringido 
942 |c BOOK 
999 0 |a Economy and business 
999 0 |a Marketing